Top 100 Quarterbacks Of All Time - Statistics

General Stats
  • This quiz has been taken 4,464 times
  • The average score is 37 of 100
Answer Stats
# Answer % Correct
3 Tom Brady
99%
1 Joe Montana
92%
4 Peyton Manning
92%
69 Eli Manning
91%
43 Archie Manning
88%
61 Aaron Rodgers
82%
11 Brett Favre
81%
21 Drew Brees
80%
10 Steve Young
78%
8 Dan Marino
77%
5 John Elway
71%
19 Terry Bradshaw
68%
50 Philip Rivers
66%
33 Ben Roethlisberger
65%
2 Johnny Unitas
65%
22 Troy Aikman
65%
15 Bart Starr
63%
77 Michael Vick
62%
6 Roger Staubach
58%
18 Warren Moon
58%
47 "Broadway" Joe Namath
57%
40 Kurt Warner
57%
26 Donovan McNabb
56%
83 Tony Romo
56%
29 Jim Kelly
54%
9 Fran Tarkenton
49%
51 Drew Bledsoe
48%
89 Carson Palmer
46%
25 Randall Cunningham
46%
7 Otto Graham
44%
30 Phil Simms
44%
36 Steve "Air" Mcnair
44%
62 Brad Johnson
42%
91 Charley Johnson
42%
12 Dan Fouts
41%
32 Ken Stabler
40%
59 Daunte Culpepper
39%
52 Doug Williams
39%
17 Len Dawson
39%
27 Bob Griese
38%
20 Ken Anderson
37%
35 Boomer Esiason
36%
42 Joe Theismann
36%
13 Sammy Baugh
35%
45 Rich Gannon
34%
39 Jim Plunkett
33%
44 Bert Jones
32%
94 Jim McMahon
32%
81 Matt Hasselbeck
32%
65 Vinny Testaverde
32%
24 Y.A. Tittle
29%
23 Norm Van Brocklin
28%
79 Danny White
27%
54 Trent Green
27%
37 Mark Brunell
26%
14 Sid Luckman
26%
55 Jeff Garcia
25%
87 Kerry Collins
25%
53 Bernie Kosar
24%
92 Matt Schaub
24%
56 Ron Jaworski
24%
97 Chad Pennington
23%
95 Jake Delhomme
23%
68 Milt Plum
22%
16 Sonny Jurgensen
22%
63 Brian Sipe
21%
90 Doug Flutie
21%
64 George Blanda
21%
67 Jake Plummer
21%
70 Jim Everett
21%
80 Jim Harbaugh
21%
48 Jim Hart
21%
46 Dave Krieg
20%
84 Jeff George
20%
41 Craig Morton
18%
96 Jeff Hostetler
18%
31 Bobby Layne
17%
82 Chris Chandler
17%
57 Daryle Lamonica
17%
88 Marc Bulger
17%
74 Steve Grogan
17%
100 Aaron Brooks
16%
38 John Brodie
16%
60 Ken O'Brien
16%
58 Neil Lomax
16%
76 Neil O'Donnell
16%
28 Roman Gabriel
16%
86 Steve Bartkowski
16%
34 Earl Morrall
15%
49 John Hadl
15%
98 Don Meredith
14%
72 Joe Ferguson
13%
85 Steve DeBerg
13%
73 Billy Kilmer
12%
66 Jeff Blake
10%
93 Steve Beuerlein
10%
78 Greg Landry
9%
99 Babe Parilli
8%
71 Norm Snead
8%
75 Bill Wade
6%
No matching quizzes found
Score Distribution
Percent of People with Each Score
Percentile by Number Answered
Your Score History
You have not taken this quiz